| 000 | 00522 a2200193 4500 | ||
|---|---|---|---|
| 003 | Nust | ||
| 005 | 20170207154042.0 | ||
| 020 | _a0-7356-1579-9 | ||
| 040 | _cNust | ||
| 082 |
_a005.2 _b768 |
||
| 100 | 1 | _aJones, Anthony | |
| 245 | 0 | 0 |
_aNetwork programming for Microsoft Windows(E-BOOK) _cAnthony Jones, Jim Ohlund |
| 250 | _a2. ed. | ||
| 260 |
_aRedmond, Wash. : _bMicrosoft Press, _ccop. 2002 |
||
| 300 |
_axviii, 580 s. : _bill. + _e1 CD-ROM |
||
| 650 | 0 | _aInternet programming | |
| 651 | _aE-BOOK | ||
| 700 | 1 | _aOhlund, Jim | |
| 942 |
_2ddc _cBK |
||
| 999 |
_c192663 _d192663 |
||